00443nam a2200169Ia 450000500170000000800460001702000180006303700120008104000210009304100130011408400220012710000160014924500390016526000470020430000140025165000080026520250508161951.0008 250505s9999 xx 000 0 eng d a0-210-33621-8 aTextual aFEDL bengcFEDL aeng2eng a342.54, PYLqFEDL aPylee M. V. 0aConstitutional government in India aBombay, IndiabAsia Publishing Housec1977 axix,955p. aLaw